Counseling and the demonic / (Record no. 6798)
[ view plain ]
| 000 -LEADER | |
|---|---|
| fixed length control field | 01418cam a2200349 a 4500 |
| 001 - CONTROL NUMBER | |
| control field | 18628639 |
| 003 - CONTROL NUMBER IDENTIFIER | |
| control field | OCoLC |
| 005 - DATE AND TIME OF LATEST TRANSACTION | |
| control field | 20190119174018.0 |
| 008 - FIXED-LENGTH DATA ELEMENTS--GENERAL INFORMATION | |
| fixed length control field | 881006s1988 txu b 001 0 eng |
| 010 ## - LIBRARY OF CONGRESS CONTROL NUMBER | |
| LC control number | 88027980 |
| 020 ## - INTERNATIONAL STANDARD BOOK NUMBER | |
| International Standard Book Number | 0849905990 |
| 020 ## - INTERNATIONAL STANDARD BOOK NUMBER | |
| International Standard Book Number | 9780849905995 |
| 035 ## - SYSTEM CONTROL NUMBER | |
| System control number | (OCoLC)18628639 |
| 040 ## - CATALOGING SOURCE | |
| Original cataloging agency | DLC |
| Language of cataloging | eng |
| Transcribing agency | DLC |
| Modifying agency | BAKER |
| -- | BTCTA |
| -- | ZID |
| -- | OCLCO |
| 050 00 - LIBRARY OF CONGRESS CALL NUMBER | |
| Classification number | BT981 |
| Item number | .B76 1988 |
| 082 00 - DEWEY DECIMAL CLASSIFICATION NUMBER | |
| Classification number | 235.4 |
| Edition number | 19 |
| Item number | B929c |
| 092 ## - LOCALLY ASSIGNED DEWEY CALL NUMBER (OCLC) | |
| Classification number | 235.4 |
| Item number | B9298 |
| 100 1# - MAIN ENTRY--PERSONAL NAME | |
| Personal name | Bufford, Rodger K. |
| 245 10 - TITLE STATEMENT | |
| Title | Counseling and the demonic / |
| Statement of responsibility, etc. | Roger K. Bufford. |
| 260 ## - PUBLICATION, DISTRIBUTION, ETC. | |
| Place of publication, distribution, etc. | Dallas : |
| Name of publisher, distributor, etc. | Word Books Pub., |
| Date of publication, distribution, etc. | c1988. |
| 300 ## - PHYSICAL DESCRIPTION | |
| Extent | 223 p. ; |
| Dimensions | 24 cm. |
| 490 1# - SERIES STATEMENT | |
| Series statement | Resources for Christian counseling ; |
| Volume/sequential designation | v. 17 |
| 500 ## - GENERAL NOTE | |
| General note | Includes index. |
| 504 ## - BIBLIOGRAPHY, ETC. NOTE | |
| Bibliography, etc. note | Bibliography: p. 203-215. |
| 505 0# - FORMATTED CONTENTS NOTE | |
| Formatted contents note | 1. The Devil Made Me Do It -- 2. Satan Is Alive and Active -- 3. Biblical Accounts of Satanic Activity -- 4. Faulty Thinking : Separating the Spiritual and the Physical -- 5. Mental Illness -- 6. Mental Disorders -- 7. Demon Possession -- 8. Demonic Influence and Mental Disorders -- 9. Assessment and Diagnosis of Demonic Influence -- 10. Spiritual Interventions -- 11. Counseling Approaches -- 12. Summary and Conclusion. |
| 650 #0 - SUBJECT ADDED ENTRY--TOPICAL TERM | |
| Topical term or geographic name entry element | Devil |
| General subdivision | Christianity. |
| 650 #0 - SUBJECT ADDED ENTRY--TOPICAL TERM | |
| Topical term or geographic name entry element | Demonology. |
| 650 #0 - SUBJECT ADDED ENTRY--TOPICAL TERM | |
| Topical term or geographic name entry element | Mental illness. |
| 650 #0 - SUBJECT ADDED ENTRY--TOPICAL TERM | |
| Topical term or geographic name entry element | Pastoral counseling. |
| 830 #0 - SERIES ADDED ENTRY--UNIFORM TITLE | |
| Uniform title | Resources for Christian counseling ; |
| Volume/sequential designation | v. 17. |
| 942 ## - ADDED ENTRY ELEMENTS (KOHA) | |
| Source of classification or shelving scheme | Dewey Decimal Classification |
| Koha item type | Books |
| Withdrawn status | Lost status | Source of classification or shelving scheme | Damaged status | Not for loan | Collection code | Home library | Current library | Shelving location | Date acquired | Cost, normal purchase price | Total Checkouts | Full call number | Barcode | Date last seen | Price effective from | Koha item type |
|---|---|---|---|---|---|---|---|---|---|---|---|---|---|---|---|---|
| Dewey Decimal Classification | Non-fiction | Harvest Mission College | Harvest Mission College | General Stacks | 19.01.2019 | 250.00 | 235.4 B929c | 007991 | 19.01.2019 | 19.01.2019 | Books |
